Statistics for Nine Inch Nails Discography

Click here to take the quiz!

General Stats

  • This quiz has been taken 17 times
  • The average score is 12 of 21

Answer Stats

Type Year Name % Correct
EP1992Broken
100%
Album2007Year Zero
92%
Album1994The Downward Spiral
92%
Album2013Hesitation Marks
92%
Album2005[WITH_TEETH]
92%
Album1989Pretty Hate Machine
83%
Album1999The Fragile
83%
Remix Album1995Further Down the Spiral
75%
Album2008The Slip
75%
Album2008Ghosts I–IV
75%
Remix EP1992Fixed
67%
EP2017Add Violence
58%
Remix Album2007Y34RZ3R0R3M1X3D
50%
EP2016Not the Actual Events
50%
Remix Album2000Things Falling Apart
42%
Video Album1997Closure
33%
Video Album2007Beside You in Time
25%
Video Album2002And All That Could Have Been
17%
Live EP2013Live 2013 EP
0%
Remix EP2014Remix 2014 EP
0%
Box Set2015Halo I-IV
0%

Score Distribution

Percentile by Number Answered

Percent of People with Each Score

Your Score History

You have not taken this quiz